000 00609nam a22002052 4500
001 0000002395
005 20151217151852.0
008 070410s xx 000 0 eng d
020 _a9966909044 :
_cKES 351
040 _aKABU
_cKABU
050 0 _aHF5667
_b.M36 1991
100 1 _aManas'seh, Paul N.
_@0000151750
245 1 0 _aAuditing :
_bquestions and answers /
_cPaul N. Manas'seh.
260 _aNairobi :
_bMcMore Accounting Books,
_c1991.
300 _a495 p. ;
_c21 cm.
650 0 _aAuditing.
_@0000151729
908 _a070410
950 _@1
999 _c5837
_d5837